003460000a2200097000450024501070000004100140010770000190012170000200014010000230016077300650018310aEstructura arrecifal del archipiélago de San Bernardo (Mar Caribe, Colombia) estudio de línea base0 aEspañol1 aMiranda, Dario1 aViña, Gerardo1 aRamírez, Alberto1 tTrianeakActa Científica y Tecnológicah5q189-219d1994